Central Library and Information Centre
Sibsagar Girls' College, Sivasagar : Assam

ASSAMESE RESPONSE TO REGIONALISM (A STUDY BASED ON ELECTORIAL POLITICS ) (Record no. 15768)

MARC details
000 -LEADER
fixed length control field 00445cam a2200169ua 4500
008 - FIXED-LENGTH DATA ELEMENTS--GENERAL INFORMATION
fixed length control field 181109n2009 II |||gr||||Z||||||eng
040 ## - CATALOGING SOURCE
Original cataloging agency MAIN
041 ## - LANGUAGE CODE
-- English
041 ## - LANGUAGE CODE
-- eng
082 ## - DEWEY DECIMAL CLASSIFICATION NUMBER
Classification number 320.54162 BAR
100 ## - MAIN ENTRY--PERSONAL NAME
Personal name BARUAH , CHANDRA NATH.
245 ## - TITLE STATEMENT
Title ASSAMESE RESPONSE TO REGIONALISM (A STUDY BASED ON ELECTORIAL POLITICS )
260 ## - PUBLICATION, DISTRIBUTION, ETC.
Place of publication, distribution, etc. NEW DELHI
Name of publisher, distributor, etc. MITTAL PUBLISHERS
Date of publication, distribution, etc. 2009
300 ## - PHYSICAL DESCRIPTION
Extent 108:
Dimensions 20CM.
942 ## - ADDED ENTRY ELEMENTS (KOHA)
Koha item type Books
Holdings
Withdrawn status Lost status Damaged status Not for loan Collection code Home library Current library Shelving location Date acquired Full call number Barcode Date last seen Copy number Price effective from Koha item type Public note
        TBHIS Central Library and Information Centre Sibsagar Girls College Central Library and Information Centre Sibsagar Girls College HISTORY RACK 23.02.2010 320.54162 BAR 24575 27.02.2020 1 27.02.2020 Books V


Sibsagar Girl's College © 2020. All rights reserved.
Powered by Koha.
Maintained by Abhijit Borpuzari.